Responses for Show #3875 - Friday, June 8, 2001

Mark Eckard game 1.

Contestants

[<< previous game]

Mark Eckard, a software engineer from Bedford, Massachusetts

Scott Wetzel, a graduate student from Portland, Oregon

Jason Block, an Internet researcher from Brooklyn, New York (whose 4-day cash winnings total $36,701)

[next game >>]

Jeopardy! Round responses

LITERARY ANIMALS
CAR REPAIR 101
PRESIDENTIAL VPs
(Alex: We'll give you the vice president, you name the president.)
THE WOMEN OF BAYWATCH
(Alex: That's a lot more fun, I think!)
DIFFERENT STROKES
"WILL" OF THE PEOPLE
    $100 2
the tortoise

Mark
    $100 1
the battery

Mark
    $100 20
Ronald Reagan

Jason
    $100 10
Sheena

Mark
    $100 24
the dog paddle

Mark
    $100 11
William Shakespeare

Jason
    $200 3
The "Celebrated Jumping Frog"

Mark
    $200 5
a spark plug

Mark
    $200 22
Dwight D. Eisenhower

Scott
    $200 12
Playboy

Mark
    $200 27
the backstroke

Mark
    $200 13
William Tell

Mark
    $300 4
(Mark: What is The Yearling?)

Bambi

ScottMark
    $300 7
a muffler

Mark
    $300 23
Franklin D. Roosevelt

Jason
    $300 17
(Mark: Who is Yasmine Bleeth?)

Carmen Electra

JasonMark
    $300 28
the breaststroke

Mark
    $300 14
Good Will Hunting

Mark
    $400 6
a tiger

Jason
    $400 9
an oil filter

Jason
    $400 25
John Adams

Scott
    $400 18
Pamela Anderson Lee

Jason
    $400 29
the Australian crawl

Mark
    $400 15
Willard

Mark
    $500 8
The Red Pony

Jason
    $500 21
a piston

Scott
    $500 26
William McKinley

Scott
    $500 19
Yasmine Bleeth

Mark
    $700 30
the butterfly

Mark
    $500 16
Will Rogers

Jason

Scores at the first commercial break (after clue 16):

Jason Scott Mark
$1,900 $300 $1,800

Scores at the end of the Jeopardy! Round:

Jason Scott Mark
$3,000 $1,900 $3,700

Double Jeopardy! Round responses

KEMAL ATATURK
MAY FLOWERS
ITALIAN CITIES
FUN WITH COLORS
DIONNE WARWICK
PHONETICS
    $200 11
Greece

Mark
    $200 23
tulips

Scott
    $200 6
Florence

Mark
    $200 1
the green room

Mark
    $200 13
New Jersey

Mark
    $200 18
(Mark: What is the tongue?)

the lips

JasonMark
    $400 12
Islam

Jason
    $400 24
an orchid

Scott
    $400 7
Milan

Triple Stumper
    $400 2
(Mark: What is...)

blackjack

JasonMark
    $400 14
My Best Friend's Wedding

Jason
    $400 19
(Alex: You pay for vowels.)

consonants

Jason
    $600 28
Ankara

Scott
    $600 25
the calla lilies

Mark
    $600 8
Turin

Mark
    $600 3
(Mark: What is Aden?)

mocha

Mark
Triple Stumper
    $600 15
(Jason: Who are Burt Bacharach and Carole Bayer Sager?)

Burt Bacharach & Hal David

JasonMark
    $600 20
accent

Jason
    $800 29
sultan

Jason
    $800 26
silver bells

Triple Stumper
    $800 9
Monopoli

Triple Stumper
    $800 4
blue collar

Mark
    $800 16
Johnny Mathis

Mark
    $800 21
a diphthong

Triple Stumper
    $3,300 30
(Jason: Yessss!)
(Alex: Jason, don't be so laid back. Show a little emotion!)

Gallipoli

Jason
    $1,200 27
Nathaniel Hawthorne

Mark
    $1000 10
Cremona

Triple Stumper
    $1000 5
a yellowjacket

Mark
    $1000 17
Solid Gold

Jason
    $1000 22
(Jason: What are S and C?)

F & S

Jason
Triple Stumper

Scores at the end of the Double Jeopardy! Round:

Jason Scott Mark
$8,900 $3,100 $8,900

[wagering suggestions for these scores]

Final Jeopardy! Round responses

HEALTH & MEDICINE
ScottWhat is asthma?
$842
MarkWhat is Asthma?
$8,900
JasonWhat is chicken pox?
$8,900
asthma

Final scores:

Jason Scott Mark
$0 $3,942 $17,800
3rd place: Fisher Soundstage 100 watt audio-video home component theater 2nd place: a trip to Shangri-La Resorts, Borneo, Malaysia New champion: $17,800

Game dynamics:

Coryat scores:

Jason Scott Mark
$6,600 $3,100 $8,500
18 R
(including 1 DD),
2 W
8 R,
0 W
27 R
(including 2 DDs),
5 W

Combined Coryat: $18,200

[game clues] [game scores] [suggest correction]

Game tape date: 2001-02-21
The J! Archive is created by fans, for fans. Scraping, republication, monetization, and malicious use prohibited; this site may use cookies and collect identifying information. See terms. The Jeopardy! game show and all elements thereof, including but not limited to copyright and trademark thereto, are the property of Jeopardy Productions, Inc. and are protected under law. This website is not affiliated with, sponsored by, or operated by Jeopardy Productions, Inc. Join the discussion at JBoard.tv.